000 01132nam a22002892 4500
001 8658
003 BD-RjUL
005 20211208234628.0
008 140119s1960 vp a 000 0 eng
035 _a(BD-RjUL)8703
_aOCLC ocm01651050 from D970729M
040 _aDLC
_cFQG
_dUKM
_dEQO
_dBD-RjUL
_beng
041 _aeng
082 0 0 _a621.38411
_bELE 1960
111 2 _aExpo (International Exhibitions Bureau)
_d(1958 :
_cBrussels, Belgium)
_926978
245 1 0 _aElectromagnetic wave propagation :
_binternational conference sponsored by the Postal and Telecommunications Group of the Brussels Universal Exhibition /
_cEdited by M. Desirant [and] J. L. Michiels.
260 _aLondon ;
_aNew York :
_bAcademic Press,
_c1960.
300 _aXIII, 730 p. :
_billus.
_c24 cm.
500 _aPapers in English, German, or French.
504 _aIncludes bibliographies.
650 0 _aTelecommunication
_xCongresses.
_926968
650 0 _aRadio waves
_xCongresses.
_926969
700 1 _aDésirant, M.
_926970
700 1 _aMichiels, J. L.
_q(John Louis),
_d1915-
_926971
942 _2ddc
_cBK
999 _c8658
_d8658